Statistiken für Alle deutschen Städte mit E

Klicken Sie hier um das Quiz zu spielen!

Allgemein

  • Dieses Quiz wurde 787 mal gespielt
  • Das Durchschnittsergebnis liegt bei 25 aus 81

Antwortstatistiken

EinwohnerStadtBL% Korrekt
582.415EssenNW
96%
213.692ErfurtTH
95%
112.385ErlangenBY
89%
92.722Esslingen am NeckarBW
82%
49.874EmdenNI
78%
41.970EisenachTH
75%
58.466EuskirchenNW
71%
40.965EberswaldeBB
66%
49.948ElmshornSH
63%
50.060ErftstadtNW
61%
56.172EschweilerNW
60%
28.051EmmendingenBW
59%
36.455ErdingBY
59%
43.275ErkelenzNW
56%
22.668EislebenST
55%
21.637EckernfördeSH
53%
23.373EisenhüttenstadtBB
53%
16.960EutinSH
53%
43.878ErkrathNW
49%
30.869Emmerich am RheinNW
48%
36.068EmsdettenNW
48%
13.343EichstättBY
47%
30.449EinbeckNI
46%
19.365EschwegeHE
45%
12.213EbersbergBY
44%
26.398Ehingen (Donau)BW
44%
30.117EnnepetalNW
44%
39.401EttlingenBW
44%
24.477Ellwangen (Jagst)BW
39%
21.641EschbornHE
39%
22.024EppingenBW
38%
7.310EsensNI
35%
6.698EdenkobenRP
34%
16.946Eltville am RheinHE
31%
16.117ErwitteNW
31%
24.676EspelkampNW
31%
6.951EbermannstadtBY
30%
7.800ElsterwerdaBB
29%
11.935ErknerBB
29%
7.575EisfeldTH
27%
19.554EnnigerlohNW
26%
8.975ElzeNI
24%
9.086ElsflethNI
23%
13.620EppsteinHE
21%
21.745ElsdorfNW
20%
20.469EngerNW
19%
10.704Eisenberg (Thüringen)TH
18%
13.817EggenfeldenBY
17%
21.243Eislingen/FilsBW
16%
15.662EilenburgSN
15%
10.235Erlenbach am MainBY
14%
14.267EberbachBW
13%
7.230EbernBY
13%
9.335Eisenberg (Pfalz)RP
13%
13.813Erbach (Odenwald)HE
12%
4.237Eschenbach in der OberpfalzBY
12%
10.942EngenBW
11%
3.200EgelnST
8%
13.728Erbach (Donau)BW
8%
3.960EllingenBY
7%
10.227Endingen am KaiserstuhlBW
7%
4.711EggesinMV
6%
2.704ElstraSN
6%
7.193EibenstockSN
5%
2.658EbelebenTH
4%
2.322EckartsbergaST
4%
2.809ElterleinSN
4%
15.276EppelheimBW
4%
4.638EhrenfriedersdorfSN
3%
5.394EllrichTH
3%
3.828ElsterbergSN
3%
5.370EltmannBY
3%
15.428ErlenseeHE
3%
13.500EttenheimBW
3%
15.558Ebersbach an der FilsBW
2%
7.322ElzachBW
2%
4.967EmmelshausenRP
2%
3.461EschershausenNI
2%
11.679Ebersbach-NeugersdorfSN
1%
3.094EibelstadtBY
1%
5.032ErbendorfBY
1%

Verteilung der Resultate

Perzentil nach korrekt beantworteten Fragen

Anzahl Personen mit jedem Resultat

Ihre Resultats-Entwicklung

Sie haben dieses Quiz noch nicht gespielt